000 00574nam a2200181 i 4500
001 56375
003 ES-MaACL
005 20250811063135.0
007 t|
008 031008s1967 sp ||||1| spa d
100 1 _aDíez-Picazo, Luis,
_d1931-
_9156922
245 1 0 _aLecciones de Derecho civil
_b: I : Parte general /
_cLuis Díez-Picazo.
260 _aValencia :
_bUniversidad de Valencia, Facultad de Derecho,
_c1967.
300 _aXXI, 526 p. ;
_c23 cm.
500 _aEjemplar reproducido.
852 _aES-MaACL
_jC-41086
_bR.80856
999 _c56375
_d56375